Điện tử công nghiệp; T2
Guardat en:
| Autor principal: | |
|---|---|
| Format: | Llibre |
| Idioma: | Undetermined |
| Etiquetes: |
Afegir etiqueta
Sense etiquetes, Sigues el primer a etiquetar aquest registre!
|
| Thư viện lưu trữ: | Trung tâm Học liệu Trường Đại học Cần Thơ |
|---|
| LEADER | 00470nam a2200145Ia 4500 | ||
|---|---|---|---|
| 001 | CTU_35979 | ||
| 008 | 210402s9999 xx 000 0 und d | ||
| 020 | |b cần thêm chi tiết mô tả | ||
| 082 | |a 621.381 | ||
| 082 | |b K11/T2 | ||
| 100 | |a I L Kaganov | ||
| 245 | 0 | |a Điện tử công nghiệp; T2 | |
| 245 | 0 | |c I L Kaganov, Ngô Đức Dũng | |
| 904 | |i Nguyễm Quang Điền, 000405 | ||
| 980 | |a Trung tâm Học liệu Trường Đại học Cần Thơ | ||